000 00298nam a22001457a 4500
020 _a07214-0941-5
082 _a823
_bMCC/M
100 _aMCCULLAGH, SHEILA
245 _aTHE MAGIC BOX
250 _a1
260 _aUK
_bLADYBIRD
300 _a43
650 _aENGLISH SHORT STORY
_zUK
942 _cBK
999 _c4148
_d4148